The Unites States Secret Service (Record no. 7849)

MARC details
000 -CABECERA
campo de control de longitud fija 00812nam a2200253 a 4500
001 - NÚMERO DE CONTROL
campo de control BRCA_8181
005 - FECHA Y HORA DE LA ÚLTIMA TRANSACCIÓN
campo de control 20190320210151.0
008 - DATOS DE LONGITUD FIJA--INFORMACIÓN GENERAL
campo de control de longitud fija 080514s1960----u--ac##f##---#001-1#eng-#
041 ## - CÓDIGO DE LENGUA
Código de lengua del texto/banda sonora o título independiente eng
044 ## - CÓDIGO DEL PAÍS DE LA ENTIDAD EDITORA/PRODUCTORA
Código MARC del país u
050 #4 - SIGNATURA TOPOGRÁFICA DE LA BIBLIOTECA DEL CONGRESO
Número de clasificación HV8138
Número de documento/Ítem .B69
-- 1960
100 1# - ENTRADA PRINCIPAL--NOMBRE DE PERSONA
Nombre de persona Bowen, Walter S.
9 (RLIN) 20387
245 10 - MENCIÓN DE TÍTULO
Título The Unites States Secret Service
Mención de responsabilidad, etc. Walter S. Bowen and Harry Edward Neal ; with a foreword by U. E. Baughman, chief U.S. Secret Service.
260 ## - PUBLICACIÓN, DISTRIBUCIÓN, ETC.
Lugar de publicación, distribución, etc. Philadelphia
Nombre del editor, distribuidor, etc. Chilton
Fecha de publicación, distribución, etc. 1960
300 ## - DESCRIPCIÓN FÍSICA
Extensión 205 p.
Otras características físicas il., retratos
Dimensiones 24 cm.
500 ## - NOTA GENERAL
Nota general X86
610 24 - PUNTO DE ACCESO ADICIONAL DE MATERIA--NOMBRE DE ENTIDAD CORPORATIVA
Nombre de entidad corporativa o nombre de jurisdicción como elemento de entrada Servicios Secretos
Subdivisión geográfica Estados Unidos
9 (RLIN) 20388
650 14 - PUNTO DE ACCESO ADICIONAL DE MATERIA--TÉRMINO DE MATERIA
Término de materia o nombre geográfico como elemento de entrada Crimen y criminales
9 (RLIN) 20389
650 14 - PUNTO DE ACCESO ADICIONAL DE MATERIA--TÉRMINO DE MATERIA
Término de materia o nombre geográfico como elemento de entrada Investigación criminal
9 (RLIN) 20390
700 1# - PUNTO DE ACCESO ADICIONAL--NOMBRE DE PERSONA
Nombre de persona Neal, Harry Edward
Término indicativo de función/relación coaut.
9 (RLIN) 20391
700 1# - PUNTO DE ACCESO ADICIONAL--NOMBRE DE PERSONA
Nombre de persona Baughman, U. E.
9 (RLIN) 20392
902 ## - CATALOGADOR
Iniciales GFM
942 ## - ELEMENTOS DE PUNTO DE ACCESO ADICIONAL (KOHA)
Fuente del sistema de clasificación o colocación Library of Congress Classification
Tipo de ítem Koha Libros
Holdings
Estado de retiro Estado de pérdida Estado dañado No para préstamo Localización permanente Ubicación/localización actual Fecha de adquisición Número de inventario Total de préstamos Signatura topográfica completa Código de barras Fecha visto por última vez Precio válido a partir de Tipo de ítem Koha
El ejemplar forma parte de la colección y puede ser consultado según las políticas vigentes.       Biblioteca del Museo Franz Mayer (Rogerio Casas-Alatriste) Biblioteca del Museo Franz Mayer (Rogerio Casas-Alatriste) 08/05/2014 X86   HV8138 .B69 1960 (X86) 8805 22/03/2019 22/03/2019 Libros